Indiayile khanijangal / (Record no. 6246)
[ view plain ]
| 000 -LEADER | |
|---|---|
| fixed length control field | 00701cam a2200289ua 4500 |
| 041 ## - LANGUAGE CODE | |
| Language code of text/sound track or separate title | mal |
| 082 ## - DEWEY DECIMAL CLASSIFICATION NUMBER | |
| Classification number | 553.1 |
| Item number | MEH/IN |
| 100 ## - MAIN ENTRY--AUTHOR NAME | |
| Personal name | Wadia, Meher D N . |
| 245 ## - TITLE STATEMENT | |
| Title | Indiayile khanijangal / |
| 250 ## - EDITION STATEMENT | |
| Edition statement | 1 / |
| 260 ## - PUBLICATION, DISTRIBUTION, ETC. (IMPRINT) | |
| Place of publication | Thiruvananthapuram : |
| Name of publisher | State Instititute of Languages , |
| Year of publication | 1974. |
| 300 ## - PHYSICAL DESCRIPTION | |
| Number of Pages | 211 ; . |
| 942 ## - ADDED ENTRY ELEMENTS (KOHA) | |
| Koha item type | Books |
| Withdrawn status | Lost status | Damaged status | Home library | Current library | Date acquired | Full call number | Accession Number | Koha item type |
|---|---|---|---|---|---|---|---|---|
| KAUAET | KAUAET | 07/04/2012 | 553.1 | 13756 | Books | |||
| KAUAET | KAUAET | 07/04/2012 | 553.1 | 14003 | Books | |||
| Withdrawn | KAUAET | KAUAET | 07/04/2012 | 553.1 | 13753 | Books | ||
| KAUAET | KAUAET | 07/04/2012 | 553.1 | 13752 | Books | |||
| Damaged | KAUAET | KAUAET | 07/04/2012 | 553.1 | 14002 | Books | ||
| KAUAET | KAUAET | 07/04/2012 | 553.1 | 14001 | Books | |||
| KAUAET | KAUAET | 07/04/2012 | 553.1 | 14005 | Books | |||
| KAUAET | KAUAET | 07/04/2012 | 553.1 | 14004 | Books | |||
| KAUAET | KAUAET | 07/04/2012 | 553.1 | 13754 | Books | |||
| KAUAET | KAUAET | 07/04/2012 | 553.1 | 13755 | Books |
